000 00904nam a22002417a 4500
005 20240530110401.0
008 150117s2007 ua o a 000 f ara d
017 _a2007/16430
020 _a9773042278
040 _aEG-CaGPL
041 1 _aara
_hger
082 0 4 _221
_a843.087
_bط/ز ح
100 1 _aزوزينبووم ، هيلكه
245 1 0 _aحصان اسمه موج البحر /
_cتاليف هيلكه زوزينبووم ؛ رسم انكه كول ؛ ترجمة صلاح هلال
260 _aالقاهرة :
_bدار الياس العصرية للطباعة والنشر ،
_c2007
300 _a140 ص :
_bصور ؛
_c19 سم
650 0 4 _aقصص الاطفال
650 0 4 _aالقصص الالمانية المترجمة
700 1 _aكول ، انكه
_eرسام
700 1 _aصلاح هلال
_eمترجم
942 _2ddc
_cBK
999 _c60259
_d60259